000 00698nam a22002057a 4500
008 231108s2010 xxk|||||r|||| 00| 0 eng d
041 _aeng
110 _aRoyal Institution of Chartered Surveyors
245 _aRICS Rural Vision
260 _aLondon,
_bRoyal Institution of Chartered Surveyors,
_cNovember 2010
300 _a15p.
490 _aRICS Policy
520 _aSummarises the views and priorities of RICS members in a range of rural policy and practice and sets the scene for RICS policy work in 2011/12.
650 _aRURAL
651 _aUnited Kingdom
690 _96268
_aRural
700 _aSteer, Susan
710 _aRoyal Institution of Chartered Surveyors
942 _n0
999 _c121703
_d121703